00406nam a22001451a 4500020000900000040002600009082002200035100001900057245005600076260004900132300001400181500004000195600002200235852000300257 c0.00 aNEGST Library - Kenya aPJ 5257.K813 1976 aKutscher E.Y.  aStudies in Galilean AramaiccE.Y. Kutscher h[Text] aRamat-Gan, IsraelbBar-Ilan Universityc1976 ax, 114p.; aIncludes Bibliographical References aAramaic language.